Equipes de Fórmula 1 de 2022 - Statistics

Estatísticas Gerais
  • Esse quiz foi jogado 6 935 vezes
  • A pontuação média é 8 de 10
Estatísticas das Respostas
Equipe % Correto
Ferrari
99%
Mercedes
95%
Red Bull
93%
McLaren
88%
Aston Martin
71%
Haas
68%
Williams
68%
Alpine
63%
Alfa Romeo
59%
AlphaTauri
58%
Nenhum quiz correspondente encontrado
Distribuição das Pontuações
Porcentagem de Pessoas com Cada Pontuação
Percentil de Números Respondidos
Sua Pontuação Histórica
Você não jogou esse quiz